Normal view
MARC view
- Rossini Gioachino
Entry Personal Name
001 - CONTROL NUMBER
- control field: 31115
003 - CONTROL NUMBER IDENTIFIER
- control field: IT-RoPau
005 - DATE AND TIME OF LATEST TRANSACTION
- control field: 20140621211452.0
008 - FIXED-LENGTH DATA ELEMENTS
- fixed length control field: 140621|| aca||aabn | a|a d
040 ## - CATALOGING SOURCE
- Original cataloging agency: IT-RoPau
- Transcribing agency: IT-RoPau
100 ## - HEADING--PERSONAL NAME
- Personal name: Rossini Gioachino
- Dates associated with a name: Codice autore musica SPICS: 11125
- Relator term: Autore musica
- Name of part/section of a work: La gazza ladra, ouverture - Guglielmo Tell, ouverture
670 ## - SOURCE DATA FOUND
- Source citation: Work cat.: (IT-RoPau)99280: AA.VV. 794, Top of the Spot 2 Classic